| 000 | 00804nam a22002177a 4500 | ||
|---|---|---|---|
| 999 |
_c1198 _d1198 |
||
| 003 | AR-CdUCM | ||
| 008 | 190226b ||||| |||| 00| 0 spa d | ||
| 020 | _a9686987045 | ||
| 040 |
_aMUNICIPALIDAD PROVINCIAL DEL CUSCO _cBIBLIOTECA MUNICIPAL DEL CUSCO |
||
| 082 |
_a347.01973 / _bM34 |
||
| 100 |
_aMeador, Daniel John _94676 |
||
| 245 | _aLos tribunales de los Estados Unidos / | ||
| 260 |
_aMéxico, D.F : _bPereznieto Editores, _c1995. |
||
| 300 |
_a130 páginas ; _c21 cm. |
||
| 505 | _aContenido: Tribunales de juicio -- Tribunales de apelación -- Los asuntos de los tribunales estatales -- Tribunales de distrito -- La Suprema Corte ... | ||
| 650 |
_aTribunales de apelación _94677 |
||
| 650 |
_aLoa abogados _94678 |
||
| 650 |
_aEstados Unidos _91805 |
||
| 942 |
_2ddc _cLIBROS |
||
| 945 | _aachl | ||